| 000 | 00376nam a2200133Ia 4500 | ||
|---|---|---|---|
| 005 | 20250424120308.0 | ||
| 008 | 250424s9999 xx 000 0 und d | ||
| 022 | _a07953089 | ||
| 245 | 0 | _aNational universities commission monday bulletin | |
| 260 | _bA Publication of the Office of the Executive Secretary | ||
| 260 | _c2013 | ||
| 300 | _a317 p. :ill. ; 29 cm. | ||
| 942 | _cSR | ||
| 999 |
_c38502 _d38502 |
||